000 00585nam a2200193 a 4500
005 20210219153029.0
008 991125n 000 0 spa u
035 _aUPN01000073598
100 _aCARDENAS PEREZ, Luis
222 _aEDUCACION :
_bREVISTA DEL CONSEJO NACIONAL TECNICO DE LA EDUCACION
245 _aLa educación de adultos en el desarrollo rural
300 _a45-54
362 _a1977 vol. 5, 4a época, no. 25, may.-jun.
653 0 _aCOMUNIDAD RURAL
653 0 _aDESARROLLO RURAL
653 0 _aEDUCACION DE ADULTOS
904 _aAC
_b011409
905 _aArticulo
999 _c66487
_d66487